[Event "EU-ch (Women) 24th"]
[Site "Rhodes"]
[Date "2024.04.29"]
[Round "10"]
[White "Klek, Hanna Marie"]
[Black "Abdinova, Narmin"]
[Result "1-0"]
[WhiteElo "2294"]
[BlackElo "2087"]
[PlyCount "97"]
[EventDate "2024.04.19"]
[EventType "swiss"]
[EventRounds "10"]
[EventCountry "GRE"]
[SourceTitle "CB18_2024"]
[SourceDate "2024.05.01"]
[SourceVersion "1"]
[SourceVersionDate "2024.05.01"]
[SourceQuality "2"]

1. e4 c5 2. Nf3 a6 3. c3 Nf6 4. e5 Nd5 5. c4 Nc7 6. d4 cxd4 7. Qxd4 Nc6 8. Qe4 g6 9. Nc3 Bg7 10. Bf4 0-0 11. h4 f5 12. Qe3 Ne6 13. g3 Qa5 14. 0-0-0 d6 15. Rd5 b5 16. cxb5 Nxf4 17. gxf4 Nb4 18. Rd4 axb5 19. a3 Nc6 20. Rd5 Be6 21. Rxb5 Qc7 22. Ng5 Bd7 23. Bc4+ Kh8 24. exd6 exd6 25. Nd5 Qd8 26. h5 Ne5 27. fxe5 Bxb5 28. hxg6 Bxc4 29. Rxh7+ Kg8 30. Rxg7+ Kxg7 31. Ne6+ Kxg6 32. Ndf4+ Kf7 33. Nxd8+ Rfxd8 34. e6+ Ke7 35. Qd4 d5 36. Kd2 Rdb8 37. Qe5 Rg8 38. Qxf5 Raf8 39. Qh7+ Kd6 40. Qd7+ Ke5 41. Ke3 Rb8 42. Qc7+ Kf5 43. Qf7+ Ke5 44. Ng6+ Rxg6 45. f4+ Kd6 46. Qd7+ Kc5 47. Qc7+ Kb5 48. Qxb8+ Ka6 49. Kd4 1-0

[Event "AZE-ch (Women)"]
[Site "Baku"]
[Date "2024.02.13"]
[Round "3"]
[White "Abdinova, Narmin"]
[Black "Rzali, Sabina"]
[Result "1/2-1/2"]
[WhiteElo "2061"]
[BlackElo "2023"]
[PlyCount "92"]
[EventDate "2024.02.11"]
[EventType "swiss"]
[EventRounds "7"]
[EventCountry "AZE"]
[SourceTitle "CB09_2024"]
[SourceDate "2024.02.28"]
[SourceVersion "1"]
[SourceVersionDate "2024.02.28"]
[SourceQuality "1"]

1. e4 e6 2. d4 d5 3. e5 c5 4. c3 Qb6 5. Nf3 Nc6 6. Bd3 Bd7 7. 0-0 cxd4 8. cxd4 Nxd4 9. Nbd2 Nxf3+ 10. Nxf3 h6 11. a3 a5 12. b4 axb4 13. Be3 Bc5 14. Bxc5 Qxc5 15. axb4 Qc8 16. Rxa8 Qxa8 17. Qc1 Qb8 18. b5 Ne7 19. Qa3 Qd8 20. Rc1 0-0 21. Qd6 Nf5 22. Bxf5 exf5 23. Qxd5 Bc8 24. Qc5 Qd3 25. h3 Bd7 26. b6 Rc8 27. Qe3 Rxc1+ 28. Qxc1 Bc6 29. e6 Qd6 30. exf7+ Kxf7 31. Qc4+ Qd5 32. Qf4 Kf6 33. Qh4+ Kg6 34. Qg3+ Kf6 35. Kh2 Qc5 36. Qc7 Qd5 37. Qb8 Qc5 38. Qd8+ Kf7 39. Qc7+ Kf6 40. Qd8+ Kf7 41. Nd4 Qe5+ 42. g3 Qe1 43. Qc7+ Kg6 44. Nxc6 Qxf2+ 45. Kh1 Qf1+ 46. Kh2 Qf2+ 1/2-1/2

[Event "EU-ch U16 Girls 31st"]
[Site "Mamaia"]
[Date "2023.09.13"]
[Round "8"]
[White "Schippke, Manon"]
[Black "Abdinova, Narmin"]
[Result "0-1"]
[WhiteElo "2173"]
[BlackElo "2032"]
[PlyCount "102"]
[EventDate "2023.09.05"]
[EventType "swiss"]
[EventRounds "9"]
[EventCountry "ROU"]
[SourceTitle "EXT 2024"]
[Source "ChessBase"]
[SourceDate "2023.10.10"]
[SourceVersion "1"]
[SourceVersionDate "2023.10.10"]
[SourceQuality "1"]

1. e4 Nf6 2. e5 Nd5 3. c4 Nb6 4. d4 d6 5. f4 dxe5 6. fxe5 Bf5 7. Be3 e6 8. Nc3 Bb4 9. Nf3 c5 10. Qb3 Nc6 11. dxc5 Nd7 12. 0-0-0 0-0 13. Na4 Qc7 14. Rd6 Ba5 15. Bd3 Ncxe5 16. Bxf5 exf5 17. Rhd1 Rad8 18. Kb1 Nxf3 19. gxf3 Ne5 20. Bf4 f6 21. R1d4 Qf7 22. R6d5 Rfe8 23. a3 Nc6 24. Rd1 Re1 25. Rxe1 Bxe1 26. Rxd8+ Nxd8 27. Qd1 Qe8 28. b4 g5 29. Bc1 Kg7 30. Nb2 Bc3 31. Qd3 Bxb2 32. Bxb2 Kg6 33. Qd6 Qe1+ 34. Ka2 Ne6 35. Qe7 Qe2 36. Qxf6+ Kh5 37. Qxf5 Qxc4+ 38. Kb1 h6 39. h3 Nf4 40. Qe4 Qxe4+ 41. fxe4 g4 42. hxg4+ Kxg4 43. Kc2 Kf3 44. Kc3 Kxe4 45. Kc4 h5 46. Bf6 Nd5 47. Bd8 Ne3+ 48. Kb5 Kd5 49. a4 Nc2 50. Bh4 Nd4+ 51. Ka5 Kc4 0-1

[Event "EU-ch U16 Girls 31st"]
[Site "Mamaia"]
[Date "2023.09.05"]
[Round "1"]
[White "Abdinova, Narmin"]
[Black "Stepanjan, Marianne"]
[Result "1-0"]
[WhiteElo "2032"]
[BlackElo "1696"]
[PlyCount "69"]
[EventDate "2023.09.05"]
[EventType "swiss"]
[EventRounds "9"]
[EventCountry "ROU"]
[SourceTitle "EXT 2024"]
[Source "ChessBase"]
[SourceDate "2023.10.10"]
[SourceVersion "1"]
[SourceVersionDate "2023.10.10"]
[SourceQuality "1"]

1. d4 Nf6 2. c4 g6 3. Nc3 Bg7 4. g3 0-0 5. Bg2 d6 6. Nf3 c6 7. 0-0 Nbd7 8. Qc2 e5 9. Rd1 Qc7 10. h3 Re8 11. dxe5 Nxe5 12. Nxe5 dxe5 13. e4 Be6 14. Na4 Nd7 15. Be3 f5 16. exf5 gxf5 17. Kh2 f4 18. Bc5 Nxc5 19. Nxc5 Qf7 20. Be4 Qh5 21. Nxe6 Rxe6 22. Rd7 Rh6 23. Bg2 f3 24. Bf1 Rb8 25. Rad1 Qe8 26. Qe4 Qf8 27. R1d3 Rf6 28. Rb3 Qc8 29. Qg4 Qf8 30. Rbxb7 Rxb7 31. Rxb7 a5 32. c5 Rg6 33. Qd7 Qxc5 34. Qf7+ Kh8 35. Rb8+ 1-0

[Event "World ol U16"]
[Site "Eindhoven"]
[Date "2023.08.17"]
[Round "7.6"]
[White "Jiang, Kate Yuhua"]
[Black "Abdinova, Narmin"]
[Result "1-0"]
[WhiteElo "1770"]
[BlackElo "2032"]
[PlyCount "114"]
[EventDate "2023.08.13"]
[EventType "team-swiss"]
[EventRounds "9"]
[EventCountry "NED"]
[SourceTitle "CBM 215 Extra"]
[Source "ChessBase"]
[SourceDate "2023.09.30"]
[SourceVersion "1"]
[SourceVersionDate "2023.09.30"]
[SourceQuality "1"]
[WhiteTeam "Canada"]
[BlackTeam "Azerbaijan"]
[WhiteTeamCountry "CAN"]
[BlackTeamCountry "AZE"]

1. e4 d5 2. exd5 Nf6 3. d4 Bg4 4. Be2 Bxe2 5. Qxe2 Qxd5 6. Nf3 e6 7. 0-0 Nc6 8. Rd1 0-0-0 9. c4 Qh5 10. Nc3 Bd6 11. h3 h6 12. Nb5 g5 13. Be3 g4 14. Nxd6+ Rxd6 15. Ne5 Nxe5 16. dxe5 Rxd1+ 17. Rxd1 Qxe5 18. hxg4 Rg8 19. Qd2 Qe4 20. g5 hxg5 21. Bxg5 Qg6 22. f4 b6 23. Bxf6 Qxf6 24. b4 Qe7 25. a4 a6 26. Qc3 Qh4 27. Qf3 Kb8 28. c5 Rd8 29. Rc1 Qf6 30. cxb6 Qd4+ 31. Qf2 cxb6 32. b5 Kb7 33. bxa6+ Kxa6 34. g3 Ka5 35. Qxd4 Rxd4 36. Rc7 f5 37. Ra7+ Kb4 38. Kf2 Re4 39. Kf3 Rc4 40. Ra6 Rc3+ 41. Kf2 Rc2+ 42. Ke3 Rc3+ 43. Kd4 Rc6 44. Ke5 Kc5 45. Ra8 Kb4 46. Kd4 Rd6+ 47. Ke5 Rc6 48. Ra6 Kc5 49. Ra7 Kb4 50. Ra8 Kc5 51. a5 b5 52. a6 Kb4 53. a7 Ra6 54. Kd4 Ka4 55. Kc5 Ra5 56. Kb6 b4 57. Re8 b3 1-0

[Event "Belgrade Serbia op"]
[Site "Belgrade"]
[Date "2023.07.23"]
[Round "8"]
[White "Abdinova, Narmin"]
[Black "Kalogridis, Themistoklis"]
[Result "1-0"]
[WhiteElo "2110"]
[BlackElo "1746"]
[PlyCount "61"]
[EventDate "2023.07.16"]
[EventType "swiss"]
[EventRounds "9"]
[EventCountry "SRB"]
[SourceTitle "EXT 2024"]
[Source "ChessBase"]
[SourceDate "2023.10.10"]
[SourceVersion "1"]
[SourceVersionDate "2023.10.10"]
[SourceQuality "1"]

1. d4 Nf6 2. c4 g6 3. Nc3 Bg7 4. g3 d6 5. Bg2 0-0 6. Nf3 Nbd7 7. 0-0 e5 8. Qc2 Re8 9. Rd1 c6 10. dxe5 dxe5 11. e4 Qe7 12. a4 Nf8 13. b3 Bg4 14. Ba3 Qc7 15. Bd6 Qc8 16. Ne2 Bxf3 17. Bxf3 Qe6 18. a5 b6 19. Bc7 c5 20. Nc3 Qc6 21. axb6 axb6 22. Rxa8 Qxa8 23. Na4 Ne6 24. Bxe5 Ng5 25. Bxf6 Nxf3+ 26. Kg2 Rxe4 27. Nxb6 Qc6 28. Nd5 Ne1+ 29. Rxe1 Rxe1 30. Bxg7 Kxg7 31. Qc3+ 1-0

[Event "Belgrade Serbia op"]
[Site "Belgrade"]
[Date "2023.07.20"]
[Round "5"]
[White "Damjanovic, Vuk"]
[Black "Abdinova, Narmin"]
[Result "1-0"]
[WhiteElo "2376"]
[BlackElo "2110"]
[PlyCount "95"]
[EventDate "2023.07.16"]
[EventType "swiss"]
[EventRounds "9"]
[EventCountry "SRB"]
[SourceTitle "CBM 215 Extra"]
[Source "ChessBase"]
[SourceDate "2023.09.30"]
[SourceVersion "1"]
[SourceVersionDate "2023.09.30"]
[SourceQuality "1"]

1. b3 e5 2. Bb2 Nc6 3. c4 Nf6 4. Nf3 e4 5. Nd4 Nxd4 6. Bxd4 b6 7. g3 Bb7 8. Bg2 Be7 9. 0-0 d5 10. d3 c5 11. Bb2 0-0 12. cxd5 Bxd5 13. Nc3 e3 14. fxe3 Bxg2 15. Kxg2 Ng4 16. Rf3 Ne5 17. Rf5 Ng4 18. Qg1 Bg5 19. Nd1 g6 20. Rf3 Qe7 21. h3 Ne5 22. Rf1 f5 23. Nc3 Rae8 24. e4 Qb7 25. Kh1 Nc6 26. g4 fxe4 27. Nxe4 Nb4 28. Rxf8+ Rxf8 29. Rf1 Rxf1 30. Qxf1 Bd8 31. Qf3 Qf7 32. Bf6 Bxf6 33. Nxf6+ Kg7 34. g5 Nxa2 35. Qa8 Nc1 36. Ne8+ Kh8 37. Nd6+ Qg8 38. Qe4 Qxb3 39. Qe8+ Kg7 40. Qe7+ Kg8 41. Kg2 Qa2 42. Kf1 a5 43. Qe3 a4 44. Qxc1 a3 45. Nc4 b5 46. Nxa3 Qf7+ 47. Ke1 b4 48. Nc4 1-0

[Event "Baku op"]
[Site "Baku"]
[Date "2023.05.06"]
[Round "3"]
[White "Divya, Deshmukh"]
[Black "Abdinova, Narmin"]
[Result "1-0"]
[WhiteElo "2372"]
[BlackElo "2092"]
[PlyCount "139"]
[EventDate "2023.05.04"]
[EventType "swiss"]
[EventRounds "9"]
[EventCountry "AZE"]
[SourceTitle "CBM 214 Extra"]
[Source "ChessBase"]
[SourceDate "2023.07.31"]
[SourceVersion "1"]
[SourceVersionDate "2023.07.31"]
[SourceQuality "1"]

1. e4 c5 2. Nf3 d6 3. Bb5+ Nc6 4. 0-0 Bg4 5. Re1 e6 6. c3 Qa5 7. a4 Nf6 8. Na3 a6 9. Bxc6+ bxc6 10. Nc4 Qc7 11. d4 d5 12. exd5 cxd5 13. Nce5 Bd6 14. h3 Bh5 15. g4 Bg6 16. Bf4 c4 17. Nxg6 hxg6 18. Bxd6 Qxd6 19. Ne5 Ne4 20. Re3 f6 21. Rxe4 dxe4 22. Nxc4 Qf4 23. Qf1 Ke7 24. Re1 f5 25. Ne5 Kf6 26. Re3 Rh4 27. g5+ Qxg5+ 28. Rg3 Qh5 29. Rxg6+ Qxg6+ 30. Nxg6 Kxg6 31. Qc4 Kf6 32. Qc6 Rah8 33. d5 Rxh3 34. Qxe6+ Kg5 35. Kf1 Rd3 36. Qe7+ Kg6 37. Qe6+ Kg5 38. Kg2 Rd1 39. Qe7+ Kg6 40. Qe6+ Kg5 41. Qe7+ Kg6 42. Qd6+ Kg5 43. Qg3+ Kf6 44. Qd6+ Kg5 45. Qg3+ Kf6 46. c4 Rhh1 47. Qd6+ Kg5 48. Qe7+ Kg6 49. Qe6+ Kg5 50. Qe7+ Kg6 51. Kg3 Rd3+ 52. Kf4 Rf3+ 53. Ke5 Rxf2 54. Qa7 Rff1 55. Qe3 Rf3 56. Qe2 Rh5 57. Ke6 Kg5 58. d6 Kf4 59. d7 Rh8 60. c5 e3 61. Ke7 Rf2 62. Qe1 g5 63. d8Q Rxd8 64. Kxd8 Rd2+ 65. Ke7 Rxb2 66. Qc1 Rh2 67. c6 Kf3 68. Qf1+ Rf2 69. Qd3 Rd2 70. Qxf5+ 1-0

[Event "EU-ch (Women) 23rd"]
[Site "Petrovac"]
[Date "2023.03.28"]
[Round "10"]
[White "Silva, Mariana Sofia Teixe"]
[Black "Abdinova, Narmin"]
[Result "0-1"]
[WhiteElo "1920"]
[BlackElo "2090"]
[PlyCount "148"]
[EventDate "2023.03.18"]
[EventType "swiss"]
[EventRounds "11"]
[EventCountry "MNE"]
[SourceTitle "CBM 213 Extra"]
[Source "ChessBase"]
[SourceDate "2023.05.31"]
[SourceVersion "1"]
[SourceVersionDate "2023.05.31"]
[SourceQuality "1"]

1. d4 d5 2. c4 e6 3. Nf3 c5 4. cxd5 exd5 5. g3 Nc6 6. Bg2 cxd4 7. Nxd4 Qb6 8. Nb3 Be6 9. 0-0 Rd8 10. N1d2 Nf6 11. Nf3 d4 12. Bg5 Be7 13. Nc1 h6 14. Bxf6 Bxf6 15. Nd3 0-0 16. Qa4 Bf5 17. Nfe1 Rfe8 18. Qd1 Rc8 19. h4 a6 20. Qd2 a5 21. Bf3 Be4 22. Bg4 Rcd8 23. Rc1 Bd5 24. b3 Ne5 25. Nxe5 Bxe5 26. Nd3 Qg6 27. Nxe5 Rxe5 28. Qf4 Ree8 29. Bf5 Qf6 30. Bd3 Qxf4 31. gxf4 Be4 32. Bb5 Re6 33. f3 Bf5 34. Kf2 Red6 35. Rc7 b6 36. Rd1 g6 37. Bd3 Bxd3 38. Rxd3 Kg7 39. a3 Rf6 40. Kg3 Re6 41. Rc2 Kf6 42. Rcd2 Kf5 43. Rxd4 Rxd4 44. Rxd4 Rxe2 45. Rd5+ Kf6 46. Rd6+ Re6 47. Rd3 Rc6 48. Rd5 Ke6 49. Rd3 Rd6 50. Re3+ Kd7 51. Rc3 Rd4 52. Re3 Rd2 53. Rc3 Ke6 54. Rc6+ Rd6 55. Rc3 f6 56. Re3+ Kf5 57. Rc3 h5 58. a4 Rd4 59. Rc6 Rb4 60. Rc3 Rxf4 61. Rd3 Rb4 62. Re3 g5 63. hxg5 fxg5 64. Rd3 Ke5 65. Kh3 Rd4 66. Rc3 Kf4 67. Kg2 Rd2+ 68. Kf1 Rb2 69. Rd3 Kg3 70. Ke1 h4 71. Rd5 h3 72. Rxg5+ Kf4 73. Rh5 h2 74. Kf1 Kg3 0-1

[Event "EU-ch (Women) 23rd"]
[Site "Petrovac"]
[Date "2023.03.26"]
[Round "8"]
[White "Allahverdiyeva, Ayan"]
[Black "Abdinova, Narmin"]
[Result "1/2-1/2"]
[WhiteElo "2124"]
[BlackElo "2090"]
[PlyCount "41"]
[EventDate "2023.03.18"]
[EventType "swiss"]
[EventRounds "11"]
[EventCountry "MNE"]
[SourceTitle "CBM 213 Extra"]
[Source "ChessBase"]
[SourceDate "2023.05.31"]
[SourceVersion "1"]
[SourceVersionDate "2023.05.31"]
[SourceQuality "1"]

1. e4 d5 2. exd5 Nf6 3. d4 Bg4 4. Nf3 Qxd5 5. Be2 Nc6 6. h3 Bxf3 7. Bxf3 Qe6+ 8. Be3 0-0-0 9. 0-0 g5 10. c4 h5 11. Qa4 Qd6 12. Bxc6 Qxc6 13. Qxa7 g4 14. Nc3 gxh3 15. d5 Qxc4 16. Qa8+ Kd7 17. Qxb7 Qg4 18. Qc6+ Kc8 19. Qa8+ Kd7 20. Qc6+ Kc8 21. Qa8+ 1/2-1/2

[Event "AZE-ch (Women)"]
[Site "Baku"]
[Date "2023.02.12"]
[Round "9"]
[White "Abdinova, Narmin"]
[Black "Allahverdiyeva, Ayan"]
[Result "1/2-1/2"]
[WhiteElo "1932"]
[BlackElo "2060"]
[PlyCount "107"]
[EventDate "2023.02.04"]
[EventType "tourn"]
[EventRounds "11"]
[EventCountry "AZE"]
[SourceTitle "CBM 212 Extra"]
[Source "ChessBase"]
[SourceDate "2023.03.31"]
[SourceVersion "1"]
[SourceVersionDate "2023.03.31"]
[SourceQuality "1"]

1. e4 c5 2. c3 Nf6 3. e5 Nd5 4. Nf3 d6 5. d4 cxd4 6. cxd4 Nc6 7. Bc4 Nb6 8. Bb5 dxe5 9. Nxe5 Bd7 10. Nxd7 Qxd7 11. Nc3 e6 12. 0-0 a6 13. Bxc6 Qxc6 14. Be3 Nd5 15. Rc1 Be7 16. Qf3 Nxc3 17. bxc3 Qxf3 18. gxf3 b5 19. a4 Kd7 20. Rb1 Rhb8 21. axb5 axb5 22. Rfc1 Bd6 23. Kg2 Ra4 24. Rb3 Kc6 25. Rcb1 Rb7 26. R3b2 h6 27. f4 Rc4 28. Rb3 f5 29. Kf3 b4 30. cxb4 Rbxb4 31. Rxb4 Bxb4 32. Ra1 Bd6 33. Ra7 Bc7 34. Ra8 Rc3 35. Kg2 Rd3 36. Re8 Kd5 37. Re7 Bb6 38. Rd7+ Ke4 39. Rxg7 Bxd4 40. Rd7 e5 41. Bxd4 exd4 42. Rh7 Rb3 43. Rxh6 Kd3 44. h4 Kc2 45. Rc6+ Rc3 46. Rxc3+ dxc3 47. h5 Kd1 48. h6 c2 49. h7 c1Q 50. h8Q Qc6+ 51. Kg1 Qg6+ 52. Kf1 Qa6+ 53. Kg2 Qc6+ 54. Kg1 1/2-1/2

[Event "AZE-ch (Women)"]
[Site "Baku"]
[Date "2023.02.08"]
[Round "5"]
[White "Abdinova, Narmin"]
[Black "Abdulla, Khayala Mardan Qizi"]
[Result "0-1"]
[WhiteElo "1932"]
[BlackElo "2220"]
[PlyCount "144"]
[EventDate "2023.02.04"]
[EventType "tourn"]
[EventRounds "11"]
[EventCountry "AZE"]
[SourceTitle "CBM 212 Extra"]
[Source "ChessBase"]
[SourceDate "2023.03.31"]
[SourceVersion "1"]
[SourceVersionDate "2023.03.31"]
[SourceQuality "1"]

1. e4 c6 2. Nc3 d5 3. Nf3 dxe4 4. Nxe4 Nf6 5. Nxf6+ exf6 6. d4 Bd6 7. Be2 0-0 8. 0-0 Re8 9. Be3 Nd7 10. a4 Nf8 11. a5 Ng6 12. a6 b6 13. c4 Nf4 14. Bxf4 Bxf4 15. Qc2 Bg4 16. Ra3 Qe7 17. Re1 Qd6 18. g3 Bh6 19. Rd1 Rad8 20. Bf1 Re7 21. h3 Bc8 22. Raa1 g6 23. c5 Qc7 24. cxb6 Qxb6 25. Qc5 Qc7 26. Bg2 Re2 27. d5 Be3 28. d6 Qb6 29. Qxb6 Bxb6 30. Nd4 Bxd4 31. Rxd4 Rxb2 32. Rc1 Bxa6 33. Rxc6 Bb5 34. Rc7 Rd7 35. Rd5 Ba4 36. Ra5 Rxd6 37. Rxa4 Rd1+ 38. Kh2 Rxf2 39. Rf4 Ra2 40. Rxf6 Rdd2 41. Rfxf7 Rxg2+ 42. Kh1 Rge2 43. Rg7+ Kf8 44. Rgf7+ Ke8 45. Kg1 Ra1+ 46. Rf1 Rxf1+ 47. Kxf1 Re7 48. Rc4 Kd7 49. Kf2 Kd6 50. Kf3 Kd5 51. Rc8 Kd4 52. Kf4 a5 53. Kg5 Ra7 54. Rd8+ Kc3 55. Rc8+ Kb2 56. Rb8+ Ka1 57. g4 a4 58. h4 a3 59. h5 gxh5 60. Kxh5 a2 61. g5 Ra3 62. Kh6 Rh3+ 63. Kg7 Rh5 64. Kf6 Rh2 65. Kg7 Rb2 66. Rf8 Rb7+ 67. Kh6 Kb2 68. Rf2+ Ka3 69. Rf3+ Rb3 70. Rf1 Rh3+ 71. Kg7 Rh2 72. Kg8 Kb2 0-1

[Event "AZE-ch (Women)"]
[Site "Baku"]
[Date "2023.02.06"]
[Round "3"]
[White "Abdinova, Narmin"]
[Black "Beydullayeva, Govhar"]
[Result "0-1"]
[WhiteElo "1932"]
[BlackElo "2387"]
[PlyCount "84"]
[EventDate "2023.02.04"]
[EventType "tourn"]
[EventRounds "11"]
[EventCountry "AZE"]
[SourceTitle "CBM 212 Extra"]
[Source "ChessBase"]
[SourceDate "2023.03.31"]
[SourceVersion "1"]
[SourceVersionDate "2023.03.31"]
[SourceQuality "1"]

1. e4 c5 2. Nf3 d6 3. d4 cxd4 4. Nxd4 Nf6 5. f3 Nc6 6. c4 Qb6 7. Nc2 g6 8. Nc3 Bg7 9. Rb1 0-0 10. Be3 Qc7 11. Be2 Rd8 12. 0-0 e6 13. Qd2 b6 14. Rfd1 Bb7 15. a4 Ne5 16. Nb5 Qe7 17. b4 Bf8 18. Qc3 Bg7 19. Qb3 h6 20. Rd2 g5 21. h3 Nh5 22. Rbd1 Ng3 23. Kf2 Nxe2 24. Kxe2 d5 25. exd5 exd5 26. cxd5 a6 27. Nc3 Rac8 28. d6 Qd7 29. Nd5 Bxd5 30. Rxd5 Nc4 31. Nd4 Re8 32. Rd3 Be5 33. Kf2 Nxd6 34. b5 Qc7 35. Ne2 axb5 36. axb5 Re6 37. Qb4 Nf5 38. Qg4 Nxe3 39. Rxe3 Rce8 40. Rdd3 Qc5 41. Qf5 Bd6 42. Nd4 Rxe3 0-1

[Event "AZE-ch Blitz (Women)"]
[Site "Baku"]
[Date "2022.12.05"]
[Round "2"]
[White "Abdinova, Narmin"]
[Black "Balajayeva, Khanim Asad Qizi"]
[Result "0-1"]
[WhiteElo "1898"]
[BlackElo "2379"]
[PlyCount "65"]
[EventDate "2022.12.05"]
[EventType "swiss (blitz)"]
[EventRounds "7"]
[EventCountry "AZE"]
[SourceTitle "CBM 211 Extra"]
[Source "ChessBase"]
[SourceDate "2023.01.31"]
[SourceVersion "1"]
[SourceVersionDate "2023.01.31"]
[SourceQuality "1"]

1. e4 e5 2. Nf3 Nc6 3. d4 exd4 4. Bc4 Nf6 5. 0-0 Nxe4 6. Re1 d5 7. Bxd5 Qxd5 8. Nc3 Qd7 9. Nxe4 Be7 10. c3 dxc3 11. Qxd7+ Bxd7 12. Nc5 0-0-0 13. Nxd7 Rxd7 14. bxc3 Bf6 15. Bb2 Rhd8 16. g4 h6 17. h4 Rd5 18. Rab1 Rd3 19. Kg2 Bxc3 20. Bxc3 Rxc3 21. Ne5 Nxe5 22. Rxe5 Rcd3 23. Re7 R3d7 24. Re3 b6 25. Rbe1 c5 26. g5 hxg5 27. hxg5 Rc7 28. f4 c4 29. Kf3 b5 30. Rb1 c3 31. Rc1 b4 32. a3 a5 33. axb4 0-1

[Event "AZE-ch Rapid (Women)"]
[Site "Baku"]
[Date "2022.12.02"]
[Round "1"]
[White "Abdulla, Khayala Mardan Qizi"]
[Black "Abdinova, Narmin"]
[Result "1-0"]
[WhiteElo "2220"]
[BlackElo "1898"]
[PlyCount "86"]
[EventDate "2022.12.02"]
[EventType "swiss (rapid)"]
[EventRounds "7"]
[EventCountry "AZE"]
[SourceTitle "CBM 211 Extra"]
[Source "ChessBase"]
[SourceDate "2023.01.31"]
[SourceVersion "1"]
[SourceVersionDate "2023.01.31"]
[SourceQuality "1"]

1. e4 e5 2. Nf3 Nc6 3. c3 d5 4. Qa4 Bd7 5. exd5 Nd4 6. Qd1 Nxf3+ 7. Qxf3 Nf6 8. Bc4 Bd6 9. d3 0-0 10. Bg5 b5 11. Bb3 a5 12. Nd2 h6 13. Bxf6 Qxf6 14. Qxf6 gxf6 15. 0-0 a4 16. Bc2 Kg7 17. Ne4 f5 18. Nxd6 cxd6 19. Rfe1 a3 20. b3 b4 21. c4 Rfe8 22. Rad1 Rac8 23. Kf1 f6 24. f3 Re7 25. d4 Rce8 26. c5 Bb5+ 27. Bd3 Bxd3+ 28. Rxd3 e4 29. cxd6 Rd7 30. Rde3 Rxd6 31. fxe4 Rc8 32. exf5 Rxd5 33. Re7+ Kg8 34. Re8+ Rxe8 35. Rxe8+ Kf7 36. Re4 Rxf5+ 37. Ke2 Rg5 38. g3 h5 39. Kd3 Rf5 40. Rf4 Rb5 41. Kc4 Rb8 42. Rf5 Kg6 43. Rb5 Ra8 1-0

[Event "EU-ch U14 Girls 30th"]
[Site "Antalya"]
[Date "2022.11.08"]
[Round "3"]
[White "Abdinova, Narmin"]
[Black "Iordache, Alexia Andreea"]
[Result "1/2-1/2"]
[WhiteElo "1946"]
[BlackElo "1629"]
[PlyCount "62"]
[EventDate "2022.11.06"]
[EventType "swiss"]
[EventRounds "9"]
[EventCountry "TUR"]
[SourceTitle "CBM 211 Extra"]
[Source "ChessBase"]
[SourceDate "2023.01.31"]
[SourceVersion "1"]
[SourceVersionDate "2023.01.31"]
[SourceQuality "1"]

1. e4 c5 2. c3 Nf6 3. e5 Nd5 4. Nf3 Nc6 5. d4 cxd4 6. cxd4 d6 7. Be2 g6 8. 0-0 Bg7 9. Qb3 Nb6 10. Nc3 0-0 11. Rd1 dxe5 12. dxe5 Qc7 13. Bf4 Be6 14. Qc2 Rad8 15. Qe4 Rxd1+ 16. Rxd1 Rd8 17. Nd4 Bd5 18. Nxd5 Nxd5 19. Nxc6 bxc6 20. Bg3 e6 21. h3 Rb8 22. Rb1 Rb4 23. Bc4 Qb8 24. Qd4 Nb6 25. Rc1 Nxc4 26. Rxc4 Rxc4 27. Qxc4 Qxb2 28. Qxc6 Qxa2 29. Qa8+ Bf8 30. Bf4 Qa3 31. Bh6 Qa1+ 1/2-1/2

[Event "World ol U16"]
[Site "Nakhchivan"]
[Date "2022.10.10"]
[Round "9.3"]
[White "Baloglu, Dila"]
[Black "Abdinova, Narmin"]
[Result "0-1"]
[WhiteElo "1752"]
[BlackElo "1740"]
[PlyCount "74"]
[EventDate "2022.10.02"]
[EventType "team-swiss"]
[EventRounds "9"]
[EventCountry "AZE"]
[SourceTitle "CBM 210 Extra"]
[Source "ChessBase"]
[SourceDate "2022.11.30"]
[SourceVersion "1"]
[SourceVersionDate "2022.11.30"]
[SourceQuality "1"]
[WhiteTeam "Turkey Anatolia"]
[BlackTeam "Azerbaijan"]
[WhiteTeamCountry "TUR"]
[BlackTeamCountry "AZE"]

1. e4 e5 2. Nf3 Nc6 3. Nc3 Nf6 4. a3 Be7 5. d4 exd4 6. Nxd4 0-0 7. Nxc6 bxc6 8. e5 Ne8 9. f4 d5 10. Bd3 f6 11. 0-0 Bc5+ 12. Kh1 Qe7 13. b4 Bb6 14. Bb2 fxe5 15. fxe5 Rxf1+ 16. Qxf1 Be6 17. Ne2 g6 18. Nd4 c5 19. Nxe6 Qxe6 20. Qf3 Rd8 21. Rf1 Ng7 22. Qf4 c4 23. Be2 Nf5 24. Bg4 Rf8 25. Rd1 c6 26. Qg5 Kg7 27. Bf3 Ne3 28. Rd2 h6 29. Qh4 g5 30. Qe1 g4 31. Be2 Kh7 32. a4 a6 33. a5 Ba7 34. Qh4 Qf5 35. h3 Qf4 36. e6 Nf5 37. Qxg4 Ng3+ 0-1